Light in pastel (Record no. 237150)

MARC details
000 -LEADER
fixed length control field 00324pam a2200145 a 4500
020 ## - INTERNATIONAL STANDARD BOOK NUMBER
Terms of availability
041 ## - LANGUAGE CODE
Language code of original
082 ## - DEWEY DECIMAL CLASSIFICATION NUMBER
Classification number 741.235
Item number MAR
100 ## - MAIN ENTRY--PERSONAL NAME
Personal name paul Hardy.
245 ## - TITLE STATEMENT
Title Light in pastel
Remainder of title Light in pastel
Medium Textual Documents
250 ## - EDITION STATEMENT
Edition statement 2004.
260 ## - PUBLICATION, DISTRIBUTION, ETC.
Place of publication, distribution, etc. [s.l]:
Name of publisher, distributor, etc. Search Press
300 ## - PHYSICAL DESCRIPTION
Extent 48:
Other physical details paper.
930 ## - EQUIVALENCE OR CROSS-REFERENCE-UNIFORM TITLE HEADING [LOCAL, CANADA]
Uniform title 3360
Holdings
Withdrawn status Lost status Damaged status Not for loan Collection Home library Current library Date acquired Source of acquisition Cost, normal purchase price Total Checkouts Full call number Barcode Date due Date last seen Date last checked out Copy number Price effective from Koha item type
          College of Fine Arts, Pune College of Fine Arts, Pune 24/02/2007 Bhararti Sahakari Grahak Bhandar 360.00 1 741.235 MAR FAP-3360 15/04/2025 08/04/2025 08/04/2025 1 07/03/2023 Book